|
|
|
|
| LEADER |
00000nab a2200000 a 4500 |
| 001 |
vtls000522858 |
| 003 |
SK-MaSNL |
| 005 |
20260304101129.0 |
| 008 |
250426c1994 xo 0 slo |
| 015 |
|
|
|a SNBRB19rr/mm-uuuuu
|
| 035 |
|
|
|a CL0522996
|
| 035 |
|
|
|a urn:nbn:sk:snk-abep0u
|
| 035 |
|
|
|a (urnnbn)urn:nbn:sk:snk:ar-000ct5
|
| 035 |
|
|
|a (uuid)48e91def-ac42-4406-ab3f-e3934dc4d19a
|
| 040 |
|
|
|a SNKBUCL
|b slo
|c SNKBUCL
|e AACR2
|
| 041 |
0 |
|
|a slo
|
| 044 |
|
|
|a xo
|c SK
|
| 080 |
|
|
|a 82(091):882"19"
|2 1981
|
| 080 |
|
|
|a 882(091)"19"
|2 1981
|
| 080 |
|
|
|a 82:301
|2 1981
|
| 100 |
1 |
|
|a Semak, Oleg
|4 aut
|9 726058
|
| 245 |
1 |
0 |
|a Ako prichádzajú na svet diktátori
|c Oleg Semak
|
| 600 |
1 |
7 |
|a Dostojevskij, Fiodor Michajlovič,
|d 1821-1881
|t Besi
|2 snkbucl
|9 104461
|
| 655 |
|
7 |
|a články z novín a časopisov
|2 snkbucl
|9 267496
|
| 655 |
|
7 |
|a články z odboru literárna veda a krásna literatúra
|2 snkbucl
|9 770045
|
| 773 |
0 |
|
|t Slovenské pohľady
|g Roč. 4+110, č. 7 (1994), s. 76-80
|
| 850 |
|
|
|a Slovenská národná knižnica
|
| 852 |
|
|
|a Slovenská národná knižnica
|
| 958 |
|
|
|a article27
|
| 958 |
|
|
|a RK
|
| 958 |
|
|
|a LX
|
| 958 |
|
|
|a OND
|
| 958 |
|
|
|a EUIPO
|
| 992 |
|
|
|a RBX
|
| 999 |
|
|
|c 2840802
|d 2842732
|